Statistics for Top 10 most important and famous people from Alabama

Click here to take the quiz!

General Stats

  • This quiz has been taken 41 times
  • The average score is 5 of 10

Answer Stats

HintAnswer% Correct
Activist of the civil rights movement best known for her pivotal role in the Montgomery bus boycottRosa Parks
100%
Singer, All Night Long (All Night), HelloLionel Richie
78%
Nicknamed the Brown Bomber, one of the greatest and most influential boxers of all time. He reigned as the world heavyweight champion from 1937 until 1949Joe Louis
74%
Sprinter, winner of 4 gold medals in 1936 OlympicsJesse Owens
70%
Sprinter who won 9 Olympic gold medals from 1979 to 1996Carl Lewis
57%
Baseball player who played 23 seasons in MLB from 1954 to 1976. Considered one of the greatest baseball players in history, he spent 21 seasons with the Milwaukee/Atlanta BravesHank Aaron
52%
Basketball player of 1980s/1990s named the Round Mound of Rebound, he played 16 seasons in the NBA for three teams. He become one of the NBA's most dominant reboundersCharles Barkley
48%
One of the most significant and influential American singers and songwriters of XX century, especially in country musicHank Williams
26%
Boxer who held the WBC heavyweight title from 2015 to 2020, making 10 successful defensesDeontay Wilder
13%
He reigned as the undisputed champion at cruiserweight in the late 1980s and at heavyweight in the early 1990s and is the only boxer in history to win the undisputed championship in two weight classesEvander Holyfield
13%

Score Distribution

Percentile by Number Answered

Percent of People with Each Score

Your Score History

You have not taken this quiz